000
00319 a2200145 4500
001
47955
040
_c
Anchieta - Aquarius
100
_a
Heck, Lenira Almeida
240
1
0
_a
A borboleta azul
_l
por
245
1
0
_a
A borboleta azul
300
_a
28
362
0
_a
2006
650
4
_a
Literatura infanto-juvenil
942
_c
BK
999
_c
47955
_d
47955